Cities on US Route 15 - Statistics

General Stats
  • This quiz has been taken 7 times
  • The average score is 4 of 10
Answers on the Map
Answers color-coded by a green-red scale on the quiz's map according to % correct below.
 
Answer Stats
State County Answer % Correct
North Carolina Durham Durham
100%
Maryland Frederick Frederick
83%
Pennsylvania Lycoming Williamsport
67%
South Carolina Sumter Sumter
50%
South Carolina Marlboro Bennettsville
17%
North Carolina Granville Creedmoor
17%
South Carolina Darlington Hartsville
17%
North Carolina Scotland Laurinburg
17%
North Carolina Lee Sanford
17%
South Carolina Colleton Walterboro
17%
No matching quizzes found
Score Distribution
Percent of People with Each Score
Percentile by Number Answered
Your Score History
You have not taken this quiz